China's Monetary Policy Communication : Frameworks, Impact, and Recommendations /

Financial markets are eager for any signal of monetary policy from the People's Bank of China (PBC). The importance of effective monetary policy communication will only increase as China continues to liberalize its financial system and open its economy. This paper discusses the country's u...

全面介绍

书目详细资料
主要作者: McMahon, Michael
其他作者: Li, Xiang, Schipke, Alfred
格式: 杂志
语言:English
出版: Washington, D.C. : International Monetary Fund, 2018.
丛编:IMF Working Papers; Working Paper ; No. 2018/244
在线阅读:Full text available on IMF
LEADER 01841cas a2200265 a 4500
001 AALejournalIMF018883
008 230101c9999 xx r poo 0 0eng d
020 |c 5.00 USD 
020 |z 9781484385647 
022 |a 1018-5941 
040 |a BD-DhAAL  |c BD-DhAAL 
100 1 |a McMahon, Michael. 
245 1 0 |a China's Monetary Policy Communication :   |b Frameworks, Impact, and Recommendations /  |c Michael McMahon, Alfred Schipke, Xiang Li. 
264 1 |a Washington, D.C. :  |b International Monetary Fund,  |c 2018. 
300 |a 1 online resource (32 pages) 
490 1 |a IMF Working Papers 
500 |a <strong>Off-Campus Access:</strong> No User ID or Password Required 
500 |a <strong>On-Campus Access:</strong> No User ID or Password Required 
506 |a Electronic access restricted to authorized BRAC University faculty, staff and students 
520 3 |a Financial markets are eager for any signal of monetary policy from the People's Bank of China (PBC). The importance of effective monetary policy communication will only increase as China continues to liberalize its financial system and open its economy. This paper discusses the country's unique institutional setup and empirically analyzes the impact on financial markets of the PBC's main communication channels, including a novel communication channel. The results suggest that there has been significant progress but that PBC communication is still evolving toward the level of other major economies. The paper recommends medium-term policy reforms and reforms that can be adopted quickly. 
538 |a Mode of access: Internet 
700 1 |a Li, Xiang. 
700 1 |a Schipke, Alfred. 
830 0 |a IMF Working Papers; Working Paper ;  |v No. 2018/244 
856 4 0 |z Full text available on IMF  |u http://elibrary.imf.org/view/journals/001/2018/244/001.2018.issue-244-en.xml  |z IMF e-Library